LEADER 01702nam 2200517 450 001 9910480484803321 005 20180416030007.0 010 $a0-8143-4201-9 035 $a(CKB)4970000000000056 035 $a(OCoLC)1031390863 035 $a(MdBmJHUP)muse66218 035 $a(MiAaPQ)EBC5406193 035 $a(EXLCZ)994970000000000056 100 $a20200704d2018 uy 0 101 0 $aeng 135 $aur|||||||nn|n 181 $ctxt$2rdacontent 182 $cc$2rdamedia 183 $acr$2rdacarrier 200 04$aThe Berlin School and its global contexts $ea transnational art cinema /$fedited by Marco Abel and Jaimey Fisher 210 1$aDetroit, Michigan :$cWayne State University Press,$d[2018] 210 4$dİ2018 215 $a1 online resource 225 1 $aContemporary approaches to film and media series 311 $a0-8143-4200-0 320 $aIncludes bibliographical references and index. 410 0$aContemporary approaches to film and media series. 606 $aMotion pictures$zGermany$xHistory$y21st century 606 $aMotion pictures$xGerman influences 606 $aMotion pictures$zGermany$zBerlin 606 $aMotion picture authorship$zGermany$zBerlin 608 $aElectronic books. 615 0$aMotion pictures$xHistory 615 0$aMotion pictures$xGerman influences. 615 0$aMotion pictures 615 0$aMotion picture authorship 676 $a791.430943 702 $aAbel$b Marco 702 $aFisher$b Jaimey 801 0$bMiAaPQ 801 1$bMiAaPQ 801 2$bMiAaPQ 906 $aBOOK 912 $a9910480484803321 996 $aThe Berlin School and its global contexts$92454020 997 $aUNINA